000 00716nam a2200253Ia 4500
008 160517s9999 xx 000 0 und d
020 _a981-4053-17-1
050 _aComSc TK 7888.4
050 _b.M36 2001
100 _aMano, M. Morris
245 _aLogic and computer design fundamentals /
245 _cM. Morris Mano, Charles R. Kime.
250 _a2nd Edition
260 _aSingapore :
260 _bPearson Educ. Asia Pte. Ltd.,
260 _c2001
300 _a650 pages :
300 _bill. ;
300 _c24 cm.
500 _aIncludes bibliographical references and index.
650 _aElectronic digital computers -- Circuits.
650 _aLogic design.
650 _xLogic circuits.
999 _c294208
_d294208